Manual de derecho de familia/ (Registro nro. 9845)
[ vista simple ]
| 000 -LEADER | |
|---|---|
| fixed length control field | 01338nam a2200217Ia 4500 |
| 005 - FECHA Y HORA DE LA ÚLTIMA TRANSACCIÓN | |
| control field | 20231023152128.0 |
| 008 - FIXED-LENGTH DATA ELEMENTS--GENERAL INFORMATION | |
| fixed length control field | 231020s9999 xx 000 0 und d |
| 020 ## - INTERNATIONAL STANDARD BOOK NUMBER | |
| International Standard Book Number | 950-508-243-6 |
| 040 ## - CATALOGING SOURCE | |
| Original cataloging agency | UPAN |
| Transcribing agency | Biblioteca San Vicente |
| Description conventions | RCAA2 |
| 041 ## - LANGUAGE CODE | |
| Language code of text/sound track or separate title | spa |
| 082 ## - DEWEY DECIMAL CLASSIFICATION NUMBER | |
| Classification number | 346.15 |
| Item number | B677m |
| año de publicación | 2003 |
| 100 ## - MAIN ENTRY--PERSONAL NAME | |
| Personal name | Bossert, Gustavo A. |
| Relator code | aut. |
| 245 #0 - TITLE STATEMENT | |
| Title | Manual de derecho de familia/ |
| Statement of responsibility, etc | Gustavo A. Bossert, Eduardo A. Zannoni |
| 250 ## - EDITION STATEMENT | |
| Edition statement | 5° ed. |
| 260 ## - PUBLICATION, DISTRIBUTION, ETC. (IMPRINT) | |
| Place of publication, distribution, etc | Argentina: |
| Name of publisher, distributor, etc | Astrea, |
| Date of publication, distribution, etc | 2003 |
| 300 ## - PHYSICAL DESCRIPTION | |
| Extent | 659 p.; |
| Dimensions | 20 cm. |
| 505 ## - FORMATTED CONTENTS NOTE | |
| Formatted contents note | Capítulo primero: Conceptos generales Capítulo II: Parentesco Capítulo III: El matrimonio como acto jurídico Capítulo IV: Cuestiones juridicas previas a la celebración del matrimonio Capítulo V: Estructura y presupuesto del acto jurídico matrimonial Capítulo VI: Nulidad del matrimonio Capítulo VII: efectos personales del matrimonio Capítulo VIII: Efectos patrimoniales del matrimonio Capítulo IX: Disolucion del vinculo matrimonial Capítulo X: Separación personal y divorcio vincular Capítulo XI: Concubinato Capítulo XII: Filiación Capítulo XIII: Adopción Capítulo XIV: Patria potestad Capítulo XV: Tutela y curatela Capítulo XVI: Asistencia y representación de menores |
| 650 ## - SUBJECT ADDED ENTRY--TOPICAL TERM | |
| Source of heading or term | LEMB |
| Topical term or geographic name as entry element | Derecho de familia |
| Form subdivision | Manual |
| 700 ## - ADDED ENTRY--PERSONAL NAME | |
| Personal name | Zannoni, Eduardo A. |
| Relator code | aut. |
| 942 ## - ADDED ENTRY ELEMENTS (KOHA) | |
| Koha item type | Libros |
| Source of classification or shelving scheme | Dewey Decimal Classification |
| Withdrawn status | Lost status | Source of classification or shelving scheme | Damaged status | Not for loan | Collection code | Home library | Current library | Date acquired | Total Checkouts | Full call number | Barcode | Date last seen | Copy number | Price effective from | Koha item type |
|---|---|---|---|---|---|---|---|---|---|---|---|---|---|---|---|
| Dewey Decimal Classification | Referencia | Biblioteca UPAN San Vicente | Biblioteca UPAN San Vicente | 20/10/2023 | 346.15 B677m | 12002189 | 20/10/2023 | 01 | 20/10/2023 | Referencia |